Statistics for The Opposites Quiz

Click here to take the quiz!

General Stats

  • This quiz has been taken 303 times
    (239 since last reset)
  • The average score is 30 of 38

Answer Stats

WordOpposite% Correct
UpDown
100%
GoodBad
99%
WetDry
99%
ColdHot
99%
SmallBig
98%
MaleFemale
98%
GirlBoy
97%
SadHappy
97%
EarlyLate
97%
PoorRich
97%
DifficultEasy
95%
Right (Direction)Left
95%
WrongRight
95%
BackwardForward
94%
SoftHard
93%
DisappearAppear
92%
Hot (Temperature)Cold
92%
InOut
91%
DangerousSafe
91%
MondayFriday
90%
Pass (School Test)Fail
88%
AchieveFail
88%
AwakeAsleep
86%
AbsentPresent
85%
ShutOpen
83%
ArriveDepart | Leave
81%
Spend (Money)Save
75%
SmartStupid
75%
SafeDangerous
74%
ThenNow
74%
NeatMessy
64%
AdmitDeny
59%
StressRelax
40%
AcceptRefuse
28%
CautiousCareless
19%
NarrowBroad
18%
NadirZenith
17%
CleverFoolish
11%

Score Distribution

Percentile by Number Answered

Percent of People with Each Score

Your Score History

You have not taken this quiz since the last reset